Cours de langue et de civilisation francaises : (Record no. 43249)
[ view plain ]
| 000 -LEADER | |
|---|---|
| fixed length control field | 01034nam a2200289 a 4500 |
| 001 - CONTROL NUMBER | |
| control field | 43249 |
| 003 - CONTROL NUMBER IDENTIFIER | |
| rucl marc code | BD-RjUL |
| 005 - DATE AND TIME OF LATEST TRANSACTION | |
| control field | 20211209053653.0 |
| 008 - FIXED-LENGTH DATA ELEMENTS--GENERAL INFORMATION | |
| fixed length control field | 760911m19671955fr af 000 0 fre d |
| 020 ## - INTERNATIONAL STANDARD BOOK NUMBER | |
| International Standard Book Number | 2010015533 (V-2) |
| International Standard Book Number | 2010080548 (V-1) |
| 035 ## - SYSTEM CONTROL NUMBER | |
| System control number | (BD-RjUL) 43367 |
| 040 ## - CATALOGING SOURCE | |
| Original cataloging agency | NJB |
| Transcribing agency | NJB |
| Modifying agency | MYG |
| -- | BD-RjUL |
| Language of cataloging | eng |
| 041 ## - LANGUAGE CODE | |
| Language code of text/sound track or separate title | eng |
| 082 ## - DEWEY DECIMAL CLASSIFICATION NUMBER | |
| Edition number | 23 |
| Classification number | 448.2 |
| Author mark and year | MAC 1967 |
| 100 1# - MAIN ENTRY--PERSONAL NAME | |
| Personal name | Mauger, Gaston. |
| 9 (RLIN) | 127315 |
| 245 10 - TITLE STATEMENT | |
| Title | Cours de langue et de civilisation francaises : |
| Remainder of title | ouvrage couronne par l'Academie francaise / |
| Statement of responsibility, etc. | G. Mauger. |
| 250 ## - EDITION STATEMENT | |
| Edition statement | Rev. ed. |
| 260 ## - PUBLICATION, DISTRIBUTION, ETC. (IMPRINT) | |
| Place of publication, distribution, etc. | Paris : |
| Name of publisher, distributor, etc. | Hachette, |
| Date of publication, distribution, etc. | 1967 |
| 300 ## - PHYSICAL DESCRIPTION | |
| Pagination | Vol. : |
| Illustrations | ill. ; |
| Size | 23 cm. |
| 500 ## - GENERAL NOTE | |
| General note | "Collection publiee sous le patronage de l' Alliance francaise." |
| 505 0# - FORMATTED CONTENTS NOTE | |
| Formatted contents note | v. 1. 1er et 2e degres, avec...J. Lamaison et M.-A. Hameau. Rev. 1963.--v. 2. 3e et 4e degres, avec...J. Lamaison. Rev. |
| 650 #0 - SUBJECT ADDED ENTRY--TOPICAL TERM | |
| Topical term or geographic name as entry element | French language |
| General subdivision | Grammar. |
| 9 (RLIN) | 127316 |
| 710 2# - ADDED ENTRY--CORPORATE NAME | |
| Corporate name or jurisdiction name as entry element | Alliance francaise. |
| 9 (RLIN) | 132848 |
| 942 ## - ADDED ENTRY ELEMENTS (KOHA) | |
| Source of classification or shelving scheme | Dewey Decimal Classification |
| Koha item type | Books |
| 949 ## - LOCAL PROCESSING INFORMATION (OCLC) | |
| a | MYGH |
| v | 1 |
| b | 39080007778787 |
| v | 2 |
| b | 39080007778795 |
| Lost status | Source of classification or shelving scheme | Damaged status | Not for loan | Collection code | Permanent Location | Current Location | Shelving location | Date acquired | Source of acquisition | Cost, normal purchase price | Total Checkouts | Full call number | Date last seen | Copy number | Koha item type |
|---|---|---|---|---|---|---|---|---|---|---|---|---|---|---|---|
| Dewey Decimal Classification | Non-fiction | Central Library, University of Rajshahi | Central Library, University of Rajshahi | 18/05/1983 | Heffer And Songs | 3.50 | 448.2 MAC V-2 1967 | 20/06/2016 | C-2 | Books | |||||
| Dewey Decimal Classification | Non-fiction | Central Library, University of Rajshahi | Central Library, University of Rajshahi | 18/05/1983 | Heffer And Songs | 3.50 | 448.2 MAC V-2 1967 | 20/06/2016 | C-3 | Books | |||||
| Dewey Decimal Classification | Not For Loan | Non-fiction | Central Library, University of Rajshahi | Central Library, University of Rajshahi | Reading Room | 18/05/1983 | Heffer And Songs | 3.50 | 448.2 MAC V-1 1967 | 20/06/2016 | C-1 | Books | |||
| Dewey Decimal Classification | Non-fiction | Central Library, University of Rajshahi | Central Library, University of Rajshahi | 18/05/1983 | Heffer And Songs | 3.50 | 448.2 MAC V-1 1967 | 20/06/2016 | C-2 | Books | |||||
| Dewey Decimal Classification | Non-fiction | Central Library, University of Rajshahi | Central Library, University of Rajshahi | 18/05/1983 | Heffer And Songs | 3.50 | 448.2 MAC V-1 1967 | 20/06/2016 | C-3 | Books | |||||
| Dewey Decimal Classification | Non-fiction | Central Library, University of Rajshahi | Central Library, University of Rajshahi | 18/05/1983 | Heffer And Songs | 3.50 | 448.2 MAC V-1 1967 | 20/06/2016 | C-4 | Books | |||||
| Dewey Decimal Classification | Non-fiction | Central Library, University of Rajshahi | Central Library, University of Rajshahi | 18/05/1983 | Heffer And Songs | 3.50 | 448.2 MAC V-1 1967 | 20/06/2016 | C-5 | Books | |||||
| Dewey Decimal Classification | Non-fiction | Central Library, University of Rajshahi | Central Library, University of Rajshahi | 18/05/1983 | Heffer And Songs | 3.50 | 448.2 MAC V-1 1967 | 20/06/2016 | C-6 | Books | |||||
| Dewey Decimal Classification | Non-fiction | Central Library, University of Rajshahi | Central Library, University of Rajshahi | 18/05/1983 | Heffer And Songs | 3.50 | 425 MAC V-1 1967 | 20/06/2016 | C-7 | Books | |||||
| Dewey Decimal Classification | Non-fiction | Central Library, University of Rajshahi | Central Library, University of Rajshahi | 18/05/1983 | Heffer And Songs | 3.50 | 448.2 MAC V-1 1967 | 20/06/2016 | C-8 | Books | |||||
| Dewey Decimal Classification | Non-fiction | Central Library, University of Rajshahi | Central Library, University of Rajshahi | 18/05/1983 | Heffer And Songs | 3.50 | 448.2 MAC V-1 1967 | 20/06/2016 | C-9 | Books | |||||
| Dewey Decimal Classification | Non-fiction | Central Library, University of Rajshahi | Central Library, University of Rajshahi | 18/05/1983 | Heffer And Songs | 3.50 | 448.2 MAC V-1 1967 | 20/06/2016 | C-10 | Books |